| 000 | 00537ntaaa2200193 4500 | ||
|---|---|---|---|
| 003 | 01 | ||
| 005 | 20251027201246.0 | ||
| 008 | 0714s1973 ag 01 | ||
| 040 |
_aAR-BaBN _bspa _cAR-BaBN _eaacr _dRIC |
||
| 082 | _a220.93 El6 | ||
| 100 |
_aElnecavé, Nissim _910786 |
||
| 245 |
_aBiografía de la tierra de Israel, vol. I. / _cNissim Elnecavé |
||
| 250 | _a1 ed. | ||
| 260 |
_aBuenos Aires : _bEdiciones "La Luz", _c1964 |
||
| 300 | _a446 p., (6 fascículos) | ||
| 650 |
_aArqueología _95159 |
||
| 650 |
_aPalestina _95160 |
||
| 942 | _cBK | ||
| 999 |
_c6964 _d6964 |
||